Sports Quiz

Random Sports or MLB Quiz

MLB Lineups with all players who would play 1500 games Quiz Stats

Quiz not verified by Sporcle

Challenge
Share
Tweet
Embed
Score 0/73 Timer 20:00
0 Plays Today
% Correct
Johnny Bench
96.8%
Johnny Bench
96.8%
Johnny Bench
96.8%
Lou Gehrig
96.1%
Joe Morgan
95.5%
Pete Rose
95.5%
Joe Morgan
95.5%
Pete Rose
95.5%
Joe Morgan
95.5%
Pete Rose
95.5%
Tony Perez
94.8%
Tony Perez
94.8%
Babe Ruth
94.2%
Ozzie Smith
93.5%
Lonnie Smith
93.5%
Dave Concepcion
92.9%
Dave Concepcion
92.9%
Dave Concepcion
92.9%
George Foster
90.9%
George Foster
90.9%
Ken Griffey
83.8%
Ken Griffey
83.8%
Ken Griffey
83.8%
Al Kaline
82.5%
Keith Hernandez
81.2%
Bill Dickey
80.5%
Bobby Grich
79.2%
Willie McGee
78.6%
Reggie Jackson
78.6%
Norm Cash
76.6%
Tommy Davis
76%
Willie Davis
76%
Tony Lazzeri
74%
Cesar Geronimo
72.1%
Cesar Geronimo
72.1%
Cesar Geronimo
72.1%
Don Baylor
72.1%
% Correct
Tommy Herr
70.8%
Maury Wills
70.1%
Gabby Hartnett
66.2%
Darrell Porter
63.6%
Brian Downing
63%
Bill Freehan
62.3%
Rod Carew
62.3%
Doug Decinces
61%
Willie Horton
57.8%
Bob Boone
57.8%
Dan Driessen
56.5%
Dan Driessen
56.5%
Earle Combs
51.9%
John Roseboro
50%
George Hendrick
48.7%
Aurelio Rodriguez
45.5%
Jim Gilliam
43.5%
Dick McAuliffe
42.2%
Mickey Stanley
41.6%
Billy Herman
38.3%
Babe Herman
38.3%
Frank Howard
37.7%
Fred Lynn
36.4%
Ed Brinkman
35.7%
Ken Oberkfell
35.1%
Frank Crosetti
33.1%
Stan Hack
31.8%
Kiki Cuyler
28.6%
Ron Fairly
26.6%
Tim Foli
22.7%
Charlie Grimm
18.8%
Ben Chapman
17.5%
Joe Sewell
16.2%
Ken McMullen
16.2%
Chuck Klein
14.9%
Billy Jurges
11%

You're not logged in!

Compare scores with friends on all Sporcle quizzes.
Join for Free
OR
Log In

You Might Also Like...

Show Comments

Extras

Created Jul 17, 2014ReportNominate
Tags:MLB Quiz, Play Quiz, 1500, player, starter, team

Top Quizzes Today


Score Distribution

Your Account Isn't Verified!

In order to create a playlist on Sporcle, you need to verify the email address you used during registration. Go to your Sporcle Settings to finish the process.

Report this User

Report this user for behavior that violates our Community Guidelines.

Details: